Photovoltaic systems engineering /

Hlavní autor: Messenger, Roger A.
Další autoři: Abtahi, Amir
Jazyk: Angličtina
Vydáno: Boca Raton ; CRC Press, Taylor & Francis Group, [2017]
Vydání: Fourth edition
Témata:
Fyzický popis: xxxi, 504 stran : ilustrace ; 24 cm
Knihy
Uloženo v:
LEADER 01427nam a2200409 i 4500
001 001587654
003 CZ BrMZK
005 20170901141520.0
007 ta
008 170727t20172017xxua f 001 0 eng
020 |a 978-1-4987-7277-8  |q (vázáno) 
040 |a BOA001  |b cze  |e rda 
044 |a xxu  |a xxk 
072 7 |a 62  |x Technika všeobecně  |2 Konspekt  |9 19 
080 |a 620.92:551.521.1  |2 MRF 
080 |a 621.311.243:621.383.51  |2 MRF 
080 |a 62:551.521.1  |2 MRF 
080 |a (048.8)  |2 MRF 
100 1 |a Messenger, Roger A.  |7 ntk2010537865  |4 aut 
245 1 0 |a Photovoltaic systems engineering /  |c Roger Messenger and Homayoon "Amir" Abtahi 
250 |a Fourth edition 
264 1 |a Boca Raton ;  |a London ;  |a New York :  |b CRC Press, Taylor & Francis Group,  |c [2017] 
264 4 |c ©2017 
300 |a xxxi, 504 stran :  |b ilustrace ;  |c 24 cm 
336 |a text  |b txt  |2 rdacontent 
337 |a bez média  |b n  |2 rdamedia 
338 |a svazek  |b nc  |2 rdacarrier 
504 |a Obsahuje bibliografické odkazy a rejstřík 
650 0 7 |a solární energie  |7 ph116216  |2 czenas 
650 0 7 |a fotovoltaika  |7 ph256072  |2 czenas 
650 0 7 |a solární technika  |7 ph456974  |2 czenas 
655 7 |a monografie  |7 fd132842  |2 czenas 
700 1 |a Abtahi, Amir  |4 aut 
910 |a BOA001  |b 2-1392.633 
990 |a BK 
991 |b 201709  |c NOV 
996 6 |b 2610714805  |c 2-1392.633  |l MZK  |r STM 6p  |n 0  |p kupz  |h 620.9 MES  |w 001623329  |u 000010  |a 0  |e BOA001  |j MZK50  |s P